000 00557nam a2200205Ia 4500
003 OSt
005 20250807105447.0
008 210210b1953 xxu||||| |||| 00| 0 eng d
040 _cAL
041 _aKannada
082 _a851/444
100 _aSHAMBHATTA (K)
_dಶಂಭಟ್ಟ (ಕೆ)
_9234445
245 _aVijayanagara samadhi
_bವಿಜಯನಗರ ಸಮಾಧಿ
260 _aMangaluru
_b-
_c1953
650 _aVijayanagara
_9234446
650 _asamadhi
_9234447
690 _aKannada Poetry
_9234448
906 _a018461
942 _2ddc
_cBK
999 _c141946
_d141946